[Event "Moscow Open F"]
[Site "?"]
[Date "2017.02.01"]
[Round "6.3"]
[White "Lugovskoy, Maxim"]
[Black "Bryakin, Mikhail"]
[Result "1-0"]
[BlackElo "2333"]
[WhiteElo "2425"]
[LiveChessVersion "1.4.8"]

1. e4 {[%clk 1:25:07]} c6 {[%clk 1:30:53]} 2. d4 {[%clk 1:25:32]} d5
{[%clk 1:31:19]} 3. Nc3 {[%clk 1:25:58]} dxe4 {[%clk 1:31:43]} 4. Nxe4
{[%clk 1:26:25]} Nf6 {[%clk 1:32:07]} 5. Ng3 {[%clk 1:25:50]} e5 {[%clk 1:27:16]}
6. Nf3 {[%clk 1:20:50]} exd4 {[%clk 1:26:07]} 7. Nxd4 {[%clk 1:17:31]} Be7
{[%clk 1:21:40]} 8. c3 {[%clk 1:11:36]} O-O {[%clk 1:20:00]} 9. Bd3
{[%clk 1:09:45]} Nbd7 {[%clk 1:11:58]} 10. O-O {[%clk 1:08:37]} Ne5
{[%clk 1:10:59]} 11. Bc2 {[%clk 1:08:39]} Ng6 {[%clk 1:08:34]} 12. Bg5
{[%clk 1:03:48]} Nd5 {[%clk 1:05:13]} 13. Bxe7 {[%clk 1:02:50]} Qxe7
{[%clk 1:04:04]} 14. Re1 {[%clk 1:02:44]} Qc7 {[%clk 1:03:40]} 15. Ne4
{[%clk 0:54:28]} Bd7 {[%clk 0:56:37]} 16. Bb3 {[%clk 0:52:34]} Ndf4
{[%clk 0:48:24]} 17. g3 {[%clk 0:48:17]} c5 {[%clk 0:46:24]} 18. gxf4
{[%clk 0:38:30]} cxd4 {[%clk 0:29:20]} 19. Qxd4 {[%clk 0:38:49]} Nxf4
{[%clk 0:28:20]} 20. Qd6 {[%clk 0:38:56]} Rac8 {[%clk 0:27:35]} 21. Rad1
{[%clk 0:31:37]} Bc6 {[%clk 0:24:14]} 22. Qxc7 {[%clk 0:31:06]} Rxc7
{[%clk 0:24:42]} 23. Rd4 {[%clk 0:29:10]} Nh3+ {[%clk 0:18:54]} 24. Kf1
{[%clk 0:27:57]} Re8 {[%clk 0:18:22]} 25. Bd5 {[%clk 0:19:06]} Kf8
{[%clk 0:16:57]} 26. Bxc6 {[%clk 0:16:52]} Rxc6 {[%clk 0:15:33]} 27. Re3
{[%clk 0:13:31]} Rce6 {[%clk 0:07:49]} 28. Rxh3 {[%clk 0:13:27]} Rxe4
{[%clk 0:08:17]} 29. Rxe4 {[%clk 0:13:51]} Rxe4 {[%clk 0:08:46]} 30. Rxh7
{[%clk 0:14:15]} f5 {[%clk 0:08:39]} 31. Rh5 {[%clk 0:12:25]} Rf4
{[%clk 0:07:36]} 32. Rh8+ {[%clk 0:12:30]} Kf7 {[%clk 0:07:54]} 33. Rb8
{[%clk 0:12:56]} Kf6 {[%clk 0:07:37]} 34. Rxb7 {[%clk 0:13:21]} Ra4
{[%clk 0:07:51]} 35. a3 {[%clk 0:13:47]} g5 {[%clk 0:08:06]} 36. f3
{[%clk 0:12:53]} Ra6 {[%clk 0:07:01]} 37. Rb4 {[%clk 0:12:57]} Rd6
{[%clk 0:07:20]} 38. Rd4 {[%clk 0:13:22]} Rc6 {[%clk 0:07:24]} 39. h4
{[%clk 0:13:33]} gxh4 {[%clk 0:07:39]} 40. Rxh4 {[%clk 0:13:59]} Ke5
{[%clk 0:07:53]} 41. Ke2 {[%clk 0:13:30]} Rg6 {[%clk 0:08:06]} 42. Kf2
{[%clk 0:12:52]} Rb6 {[%clk 0:08:06]} 43. Rb4 {[%clk 0:13:15]} Rh6
{[%clk 0:08:29]} 44. Ke3 {[%clk 0:13:15]} Rh2 {[%clk 0:08:47]} 45. Rb5+
{[%clk 0:13:32]} Kf6 {[%clk 0:09:11]} 46. a4 {[%clk 0:12:30]} a6 {[%clk 0:09:03]}
47. Rb6+ {[%clk 0:10:55]} Ke5 {[%clk 0:09:26]} 48. a5 {[%clk 0:10:56]} f4+
{[%clk 0:09:26]} 49. Kd3 {[%clk 0:11:23]} Rf2 {[%clk 0:09:47]} 50. Kc4
{[%clk 0:11:44]} Rxf3 {[%clk 0:10:02]} 51. Rxa6 {[%clk 0:12:08]} Rh3
{[%clk 0:10:00]} 52. Ra8 {[%clk 0:12:15]} f3 {[%clk 0:10:25]} 53. Kd3
{[%clk 0:09:08]} Kf4 {[%clk 0:10:18]} 54. Rf8+ {[%clk 0:09:19]} Kg3
{[%clk 0:10:46]} 55. Ke3 {[%clk 0:09:34]} Kg2 {[%clk 0:11:00]} 56. a6
{[%clk 0:09:02]} Rh7 {[%clk 0:10:48]} 57. Rg8+ {[%clk 0:09:19]} 1-0

[Event "Moscow Open F"]
[Site "?"]
[Date "2017.02.01"]
[Round "6.4"]
[White "Ivlev, Aleksey"]
[Black "Nikologorskiy, Konstantin"]
[Result "1/2-1/2"]
[BlackElo "2416"]
[WhiteElo "2259"]
[LiveChessVersion "1.4.8"]

1. e4 {[%clk 1:30:54]} c5 {[%clk 1:30:53]} 2. c3 {[%clk 1:31:20]} Nf6
{[%clk 1:31:19]} 3. e5 {[%clk 1:31:35]} Nd5 {[%clk 1:31:43]} 4. Bc4
{[%clk 1:32:00]} Nb6 {[%clk 1:27:09]} 5. Bb3 {[%clk 1:32:24]} e6 {[%clk 1:25:50]}
6. Nf3 {[%clk 1:29:26]} d6 {[%clk 1:25:56]} 7. O-O {[%clk 1:21:53]} dxe5
{[%clk 1:11:41]} 8. Nxe5 {[%clk 1:22:13]} N8d7 {[%clk 1:12:03]} 9. d4
{[%clk 1:16:04]} Nxe5 {[%clk 1:09:34]} 10. dxe5 {[%clk 1:16:23]} Qc7
{[%clk 1:09:54]} 11. Qe2 {[%clk 1:16:11]} Bd7 {[%clk 1:09:21]} 12. c4
{[%clk 1:02:42]} Bc6 {[%clk 0:52:44]} 13. Nc3 {[%clk 1:02:36]} O-O-O
{[%clk 0:52:51]} 14. Bg5 {[%clk 0:56:16]} Be7 {[%clk 0:38:18]} 15. Bxe7
{[%clk 0:56:36]} Qxe7 {[%clk 0:38:44]} 16. Rad1 {[%clk 0:53:13]} Rxd1
{[%clk 0:30:54]} 17. Rxd1 {[%clk 0:53:28]} Rd8 {[%clk 0:31:05]} 18. Rxd8+
{[%clk 0:49:13]} Qxd8 {[%clk 0:31:30]} 19. Qe3 {[%clk 0:49:37]} Nd7
{[%clk 0:19:26]} 20. Bc2 {[%clk 0:49:01]} Qh4 {[%clk 0:18:03]} 21. f4
{[%clk 0:44:47]} Qg4 {[%clk 0:12:22]} 22. Be4 {[%clk 0:40:45]} Bxe4
{[%clk 0:11:46]} 23. Nxe4 {[%clk 0:40:20]} Qd1+ {[%clk 0:11:27]} 24. Kf2
{[%clk 0:40:41]} Kc7 {[%clk 0:10:28]} 25. Nd6 {[%clk 0:36:48]} f5
{[%clk 0:03:50]} 26. h3 {[%clk 0:35:08]} g6 {[%clk 0:03:37]} 27. Kg3
{[%clk 0:32:09]} a6 {[%clk 0:03:03]} 28. b3 {[%clk 0:31:13]} b6 {[%clk 0:02:36]}
29. Nf7 {[%clk 0:29:36]} Nf8 {[%clk 0:01:41]} 30. a3 {[%clk 0:27:46]} Kd7
{[%clk 0:01:28]} 31. b4 {[%clk 0:27:58]} Ke7 {[%clk 0:01:31]} 32. Nd6
{[%clk 0:28:21]} Nd7 {[%clk 0:01:43]} 33. Kh2 {[%clk 0:28:06]} Kf8
{[%clk 0:00:47]} 34. Qg3 {[%clk 0:27:38]} Qd4 {[%clk 0:00:33]} 35. Qh4
{[%clk 0:27:57]} Kg8 {[%clk 0:00:42]} 36. bxc5 {[%clk 0:24:00]} bxc5
{[%clk 0:01:00]} 37. Qg5 {[%clk 0:23:50]} Nf8 {[%clk 0:00:47]} 38. h4
{[%clk 0:24:12]} Qf2 {[%clk 0:00:35]} 39. a4 {[%clk 0:22:18]} Qd4
{[%clk 0:00:39]} 40. h5 {[%clk 0:21:43]} Qf2 {[%clk 0:00:58]} 41. h6
{[%clk 0:21:59]} Qd4 {[%clk 0:01:00]} 42. a5 {[%clk 0:21:52]} Nd7
{[%clk 0:00:48]} 43. Nc8 {[%clk 0:20:00]} Nf8 {[%clk 0:00:38]} 44. Nd6
{[%clk 0:17:12]} Nd7 {[%clk 0:01:04]} 45. Qg3 {[%clk 0:11:02]} Qd1
{[%clk 0:00:52]} 46. Qh4 {[%clk 0:10:31]} Qd4 {[%clk 0:00:41]} 47. Qg5
{[%clk 0:10:36]} Nf8 {[%clk 0:00:48]} 48. Qh4 {[%clk 0:03:06]} Nd7
{[%clk 0:01:14]} 49. Qd8+ {[%clk 0:01:38]} Nf8 {[%clk 0:01:43]} 50. Qg5
{[%clk 0:00:40]} 1/2-1/2

[Event "Moscow Open F"]
[Site "?"]
[Date "2017.02.01"]
[Round "6.5"]
[White "Tekeyev, Zaur"]
[Black "Vasilyev, Vasily"]
[Result "1-0"]
[BlackElo "2320"]
[WhiteElo "2357"]
[LiveChessVersion "1.4.8"]

1. e4 Nf6 {[%clk 1:28:18]} 2. e5 {[%clk 1:30:30]} Nd5 {[%clk 1:28:34]} 3. d4
{[%clk 1:30:54]} d6 {[%clk 1:28:58]} 4. Nf3 {[%clk 1:31:20]} Bg4 {[%clk 1:29:02]}
5. Be2 {[%clk 1:31:36]} c6 {[%clk 1:29:25]} 6. c4 {[%clk 1:31:50]} Nb6
{[%clk 1:27:25]} 7. Nbd2 {[%clk 1:32:09]} dxe5 {[%clk 1:26:31]} 8. Nxe5
{[%clk 1:32:32]} Bxe2 {[%clk 1:21:09]} 9. Qxe2 {[%clk 1:32:57]} N8d7
{[%clk 1:19:24]} 10. b3 {[%clk 1:32:08]} e6 {[%clk 1:08:16]} 11. Bb2
{[%clk 1:31:51]} Nxe5 {[%clk 1:07:08]} 12. dxe5 {[%clk 1:32:04]} Bb4
{[%clk 1:06:58]} 13. Rd1 {[%clk 1:32:27]} Qe7 {[%clk 1:03:39]} 14. O-O
{[%clk 1:32:34]} Bxd2 {[%clk 0:45:47]} 15. Qxd2 {[%clk 1:31:24]} O-O
{[%clk 0:37:54]} 16. Qa5 {[%clk 1:29:33]} c5 {[%clk 0:32:54]} 17. Ba3
{[%clk 1:27:29]} Rfc8 {[%clk 0:33:13]} 18. Qb5 {[%clk 1:02:58]} Rc6
{[%clk 0:29:01]} 19. Rd6 {[%clk 0:53:07]} Rac8 {[%clk 0:25:11]} 20. Rfd1
{[%clk 0:53:08]} h5 {[%clk 0:21:37]} 21. Qa5 {[%clk 0:49:57]} Qc7
{[%clk 0:21:31]} 22. Bb2 {[%clk 0:48:02]} Rxd6 {[%clk 0:19:42]} 23. exd6
{[%clk 0:48:20]} Rd8 {[%clk 0:19:59]} 24. Qd2 {[%clk 0:46:41]} Qc6
{[%clk 0:20:11]} 25. Qg5 {[%clk 0:41:38]} f6 {[%clk 0:20:17]} 26. Bxf6
{[%clk 0:42:03]} Rd7 {[%clk 0:20:45]} 27. Be5 {[%clk 0:41:59]} Rf7
{[%clk 0:19:28]} 28. Qxh5 {[%clk 0:36:16]} Nd7 {[%clk 0:17:20]} 29. Qe2
{[%clk 0:35:39]} Rf5 {[%clk 0:17:06]} 30. Bg3 {[%clk 0:35:12]} Kf7
{[%clk 0:16:26]} 31. h3 {[%clk 0:34:21]} a6 {[%clk 0:16:17]} 32. Rd3
{[%clk 0:32:22]} b5 {[%clk 0:14:44]} 33. Re3 {[%clk 0:31:59]} Nf8
{[%clk 0:14:25]} 34. Be5 {[%clk 0:29:47]} Kg8 {[%clk 0:13:29]} 35. Rg3
{[%clk 0:28:12]} g6 {[%clk 0:12:39]} 36. Rd3 {[%clk 0:24:44]} bxc4
{[%clk 0:12:14]} 37. bxc4 {[%clk 0:25:07]} Qa4 {[%clk 0:12:26]} 38. Rb3
{[%clk 0:22:17]} Nd7 {[%clk 0:12:23]} 39. Bg3 {[%clk 0:22:24]} Kf7
{[%clk 0:11:36]} 40. Rb7 {[%clk 0:19:43]} Kf6 {[%clk 0:10:44]} 41. Qb2+
{[%clk 0:19:07]} e5 {[%clk 0:11:08]} 42. Qd2 {[%clk 0:18:50]} e4 {[%clk 0:10:32]}
43. Qh6 {[%clk 0:17:37]} e3 {[%clk 0:04:40]} 44. Qh8+ {[%clk 0:14:34]} 1-0

[Event "Moscow Open F"]
[Site "?"]
[Date "2017.02.01"]
[Round "6.6"]
[White "Vaseptsov, Maxim"]
[Black "Volodin, Ivan"]
[Result "1-0"]
[BlackElo "2265"]
[WhiteElo "2348"]
[LiveChessVersion "1.4.8"]

1. e4 {[%clk 1:30:57]} c5 {[%clk 1:28:03]} 2. Nf3 {[%clk 1:30:08]} Nc6
{[%clk 1:26:32]} 3. d4 {[%clk 1:29:24]} cxd4 {[%clk 1:26:48]} 4. Nxd4
{[%clk 1:29:52]} Qb6 {[%clk 1:27:05]} 5. Nb3 {[%clk 1:28:45]} Nf6
{[%clk 1:27:24]} 6. Nc3 {[%clk 1:29:01]} e6 {[%clk 1:27:46]} 7. Qe2
{[%clk 1:24:02]} d6 {[%clk 1:22:44]} 8. g4 {[%clk 1:20:10]} a6 {[%clk 1:18:24]}
9. g5 {[%clk 1:03:46]} Nd7 {[%clk 1:18:15]} 10. h4 {[%clk 1:03:16]} Qc7
{[%clk 1:16:58]} 11. Bd2 {[%clk 1:01:44]} b5 {[%clk 1:09:34]} 12. a3
{[%clk 0:57:04]} Bb7 {[%clk 1:04:41]} 13. Bg2 {[%clk 0:53:06]} Nce5
{[%clk 0:52:42]} 14. O-O-O {[%clk 0:49:58]} O-O-O {[%clk 0:44:21]} 15. Rh3
{[%clk 0:35:58]} Nc4 {[%clk 0:24:53]} 16. Kb1 {[%clk 0:31:09]} Be7
{[%clk 0:17:03]} 17. Bc1 {[%clk 0:23:46]} Ndb6 {[%clk 0:07:29]} 18. f4
{[%clk 0:22:32]} h6 {[%clk 0:06:51]} 19. Rhd3 {[%clk 0:10:32]} hxg5
{[%clk 0:06:50]} 20. hxg5 {[%clk 0:11:01]} Rh2 {[%clk 0:04:10]} 21. Nd4
{[%clk 0:10:39]} Qc5 {[%clk 0:02:59]} 22. g6 {[%clk 0:05:59]} e5 {[%clk 0:00:50]}
23. Nf5 {[%clk 0:06:11]} Bf8 {[%clk 0:01:13]} 24. Qg4 {[%clk 0:05:30]} Kb8
{[%clk 0:01:20]} 25. gxf7 {[%clk 0:05:15]} Qf2 {[%clk 0:01:20]} 26. Rg3
{[%clk 0:03:57]} Bc8 {[%clk 0:00:54]} 27. Qf3 {[%clk 0:03:18]} Qc5
{[%clk 0:00:39]} 28. Nxg7 {[%clk 0:02:05]} b4 {[%clk 0:00:51]} 29. axb4
{[%clk 0:02:09]} Qxb4 {[%clk 0:01:20]} 30. Nd5 {[%clk 0:01:38]} Nxd5
{[%clk 0:01:31]} 31. exd5 {[%clk 0:01:23]} exf4 {[%clk 0:00:47]} 32. Qxf4
{[%clk 0:01:21]} Ka8 {[%clk 0:00:38]} 33. Rb3 {[%clk 0:01:30]} Na3+
{[%clk 0:00:37]} 34. bxa3 {[%clk 0:01:05]} Qxf4 {[%clk 0:00:37]} 35. Bxf4
{[%clk 0:01:33]} Rxg2 {[%clk 0:01:06]} 36. Ne6 {[%clk 0:01:40]} Bxe6
{[%clk 0:00:54]} 37. dxe6 {[%clk 0:02:09]} Re2 {[%clk 0:01:19]} 38. Re3
{[%clk 0:01:01]} Rb8+ {[%clk 0:01:45]} 39. Kc1 {[%clk 0:01:23]} Rf2
{[%clk 0:02:05]} 40. e7 {[%clk 0:00:39]} Bxe7 {[%clk 0:01:56]} 41. Rxe7
{[%clk 0:01:06]} Rxf4 {[%clk 0:02:19]} 42. Rxd6 {[%clk 0:01:11]} 1-0

[Event "Moscow Open F"]
[Site "?"]
[Date "2017.02.01"]
[Round "6.7"]
[White "Mamatov, Melis"]
[Black "Shapkin, Anatoliy"]
[Result "0-1"]
[BlackElo "2266"]
[WhiteElo "2168"]
[LiveChessVersion "1.4.8"]

1. d4 {[%clk 1:29:54]} Nf6 {[%clk 1:20:57]} 2. Nf3 {[%clk 1:30:10]} g6
{[%clk 1:21:07]} 3. Nc3 {[%clk 1:29:33]} d5 {[%clk 1:21:18]} 4. Bf4
{[%clk 1:29:51]} Bg7 {[%clk 1:20:54]} 5. Qc1 {[%clk 1:26:25]} O-O
{[%clk 1:19:49]} 6. Bh6 {[%clk 1:26:01]} c5 {[%clk 1:19:39]} 7. Bxg7
{[%clk 1:25:18]} Kxg7 {[%clk 1:19:56]} 8. e3 {[%clk 1:19:12]} Nc6
{[%clk 1:18:59]} 9. Be2 {[%clk 1:15:54]} cxd4 {[%clk 1:18:09]} 10. exd4
{[%clk 1:08:27]} Bg4 {[%clk 1:14:52]} 11. Qf4 {[%clk 1:04:47]} Qb6
{[%clk 1:12:24]} 12. O-O-O {[%clk 1:03:59]} Rac8 {[%clk 1:08:27]} 13. h3
{[%clk 1:01:48]} Bxf3 {[%clk 1:08:11]} 14. Bxf3 {[%clk 1:02:05]} Nb4
{[%clk 1:07:32]} 15. Rhe1 {[%clk 0:55:58]} Qa5 {[%clk 0:59:15]} 16. Rxe7
{[%clk 0:34:56]} Rxc3 {[%clk 0:59:12]} 17. bxc3 {[%clk 0:34:57]} Nxa2+
{[%clk 0:59:29]} 18. Kd2 {[%clk 0:34:15]} Qxc3+ {[%clk 0:55:39]} 19. Ke2
{[%clk 0:34:25]} Qc4+ {[%clk 0:55:52]} 20. Rd3 {[%clk 0:34:02]} Qxc2+
{[%clk 0:55:48]} 21. Rd2 {[%clk 0:33:23]} Qc4+ {[%clk 0:56:09]} 22. Ke1
{[%clk 0:32:09]} Qc1+ {[%clk 0:55:45]} 23. Bd1 {[%clk 0:31:31]} Nc3
{[%clk 0:53:49]} 24. Qe5 {[%clk 0:20:56]} Nce4 {[%clk 0:49:05]} 25. Rc2
{[%clk 0:20:43]} Qb1 {[%clk 0:48:00]} 26. f3 {[%clk 0:10:47]} Qb4+
{[%clk 0:47:57]} 27. Ke2 {[%clk 0:10:01]} Nc3+ {[%clk 0:44:32]} 28. Rxc3
{[%clk 0:03:25]} Qxc3 {[%clk 0:44:49]} 29. g4 {[%clk 0:03:54]} Qb2+
{[%clk 0:43:29]} 30. Kf1 {[%clk 0:01:35]} Qd2 {[%clk 0:43:42]} 31. g5
{[%clk 0:01:42]} Qxd1+ {[%clk 0:43:56]} 32. Kg2 {[%clk 0:01:54]} Qc2+
{[%clk 0:44:13]} 33. Kg3 {[%clk 0:02:01]} Qf5 {[%clk 0:44:11]} 34. gxf6+
{[%clk 0:00:35]} Qxf6 {[%clk 0:44:37]} 35. Rxb7 {[%clk 0:01:02]} Qxe5+
{[%clk 0:33:40]} 36. dxe5 {[%clk 0:01:32]} Ra8 37. e6 Kf6 {[%clk 0:33:50]} 38.
exf7 {[%clk 0:00:58]} Rf8 {[%clk 0:34:01]} 39. Rd7 {[%clk 0:00:36]} Ke6
{[%clk 0:34:13]} 40. Rxa7 {[%clk 0:00:59]} Rxf7 {[%clk 0:34:37]} 41. Ra4
{[%clk 0:01:10]} Rc7 {[%clk 0:32:58]} 42. Rh4 {[%clk 0:01:21]} Ke5
{[%clk 0:31:23]} 43. Kf2 {[%clk 0:01:33]} d4 {[%clk 0:30:48]} 44. Ke2
{[%clk 0:01:40]} h5 {[%clk 0:30:47]} 45. Re4+ {[%clk 0:01:56]} Kd5
{[%clk 0:31:11]} 46. Re8 {[%clk 0:02:03]} Rc6 {[%clk 0:29:04]} 47. Kd3
{[%clk 0:02:20]} Rf6 {[%clk 0:28:24]} 48. Rd8+ {[%clk 0:02:27]} Ke5
{[%clk 0:28:47]} 49. Re8+ {[%clk 0:02:18]} Kf4 {[%clk 0:28:57]} 50. Ke2
{[%clk 0:02:02]} Kg3 {[%clk 0:27:53]} 51. Rd8 {[%clk 0:00:42]} Rxf3
{[%clk 0:25:52]} 52. Rxd4 {[%clk 0:00:32]} Rf2+ {[%clk 0:26:13]} 53. Ke1
{[%clk 0:00:49]} Rh2 {[%clk 0:25:57]} 54. Kf1 {[%clk 0:00:44]} Rh1+
{[%clk 0:26:09]} 55. Ke2 {[%clk 0:01:13]} Rxh3 {[%clk 0:26:07]} 56. Rd5
{[%clk 0:00:57]} Kf4 {[%clk 0:26:19]} 57. Kf2 {[%clk 0:01:17]} Rh2+
{[%clk 0:26:39]} 58. Kg1 {[%clk 0:01:42]} Re2 {[%clk 0:26:56]} 59. Rb5
{[%clk 0:01:53]} g5 {[%clk 0:27:17]} 60. Kf1 {[%clk 0:02:15]} Re5
{[%clk 0:27:40]} 61. Rb2 {[%clk 0:02:32]} g4 {[%clk 0:28:03]} 62. Kg2
{[%clk 0:02:54]} h4 {[%clk 0:28:27]} 63. Kf2 {[%clk 0:03:16]} Re4
{[%clk 0:28:43]} 64. Rb8 {[%clk 0:03:36]} g3+ {[%clk 0:28:59]} 65. Kg2
{[%clk 0:03:45]} Re2+ {[%clk 0:29:20]} 66. Kg1 {[%clk 0:03:48]} Kg4
{[%clk 0:29:19]} 67. Rb4+ {[%clk 0:03:54]} Kh3 {[%clk 0:29:37]} 68. Rb1
{[%clk 0:04:17]} Re4 {[%clk 0:29:55]} 69. Kf1 {[%clk 0:03:43]} Kg4
{[%clk 0:29:42]} 70. Rb8 {[%clk 0:02:37]} h3 {[%clk 0:29:32]} 71. Rg8+
{[%clk 0:02:28]} Kf3 {[%clk 0:29:14]} 72. Rf8+ {[%clk 0:02:42]} Rf4
{[%clk 0:29:28]} 73. Ra8 {[%clk 0:02:51]} h2 {[%clk 0:29:42]} 74. Ra3+
{[%clk 0:01:49]} Kg4+ {[%clk 0:30:01]} 75. Kg2 {[%clk 0:02:16]} Rf2+
{[%clk 0:30:24]} 76. Kh1 {[%clk 0:02:42]} Rf1+ {[%clk 0:30:49]} 77. Kg2
{[%clk 0:03:07]} h1=Q# {[%clk 0:31:12]} 0-1

[Event "Moscow Open F"]
[Site "?"]
[Date "2017.02.01"]
[Round "6.8"]
[White "Bernadskiy, Vitaliy"]
[Black "Bochkov, Artem"]
[Result "1-0"]
[BlackElo "2056"]
[WhiteElo "2540"]
[LiveChessVersion "1.4.8"]

1. e4 c5 2. Nf3 d6 3. d4 cxd4 4. Nxd4 Nf6 5. Nc3 a6 6. f4 Nc6 7. Nf3 Qb6 8. Bd3
g6 9. h3 Bg7 10. Qe2 O-O 11. a3 e5 12. Qf2 Qxf2+ 13. Kxf2 Nh5 14. f5 Nf4 15. g4
h5 16. Kg3 Bf6 17. Be3 h4+ 18. Kh2 Nd4 19. Raf1 g5 20. Nd2 Bd7 21. Nd5 Kg7 22.
Nxf6 Kxf6 23. Bxd4 exd4 24. Nf3 Rfe8 25. Re1 Bc6 26. Nxd4 d5 27. Nxc6 bxc6 28.
exd5 cxd5 29. Rxe8 Rxe8 30. Bxa6 Re3 31. Bf1 Rf3 32. Kg1 d4 33. Rh2 Ke5 34. a4
Nd5 35. Rf2 Rg3+ 36. Kh2 Ne3 37. a5 Kd6 38. Bd3 Nd1 39. Rg2 Re3 40. b4 Nb2 41.
Rd2 Re1 42. Bc4 Ke5 43. Re2+ 1-0

[Event "Moscow Open F"]
[Site "?"]
[Date "2017.02.01"]
[Round "6.9"]
[White "Talov, Nikita"]
[Black "Matsenko, Andrei"]
[Result "1-0"]
[BlackElo "2356"]
[WhiteElo "2068"]
[LiveChessVersion "1.4.8"]

1. e4 {[%clk 1:30:57]} e6 {[%clk 1:30:56]} 2. d4 {[%clk 1:30:57]} d5
{[%clk 1:30:56]} 3. Nd2 {[%clk 1:30:57]} Nc6 {[%clk 1:31:51]} 4. Ngf3
{[%clk 1:29:45]} Nf6 {[%clk 1:32:06]} 5. e5 {[%clk 1:27:42]} Nd7 {[%clk 1:32:29]}
6. c3 {[%clk 1:23:32]} f6 {[%clk 1:32:43]} 7. exf6 {[%clk 1:20:05]} Qxf6
{[%clk 1:33:04]} 8. Be2 {[%clk 1:20:11]} Bd6 {[%clk 1:33:13]} 9. O-O
{[%clk 1:20:21]} O-O {[%clk 1:33:21]} 10. Qb3 {[%clk 1:17:39]} Kh8
{[%clk 1:28:13]} 11. Bd3 {[%clk 1:15:53]} Ne7 {[%clk 1:25:41]} 12. c4
{[%clk 1:09:10]} c6 {[%clk 1:25:21]} 13. Bc2 {[%clk 0:40:38]} Re8
{[%clk 1:14:34]} 14. Re1 {[%clk 0:40:11]} Ng6 {[%clk 1:06:35]} 15. Nf1
{[%clk 0:39:50]} Nh4 {[%clk 0:57:56]} 16. Ng5 {[%clk 0:27:39]} Nf8
{[%clk 0:55:07]} 17. Qh3 {[%clk 0:24:42]} Nhg6 {[%clk 0:55:15]} 18. Qh5
{[%clk 0:22:48]} h6 {[%clk 0:52:50]} 19. cxd5 {[%clk 0:19:32]} cxd5
{[%clk 0:52:34]} 20. Nf3 {[%clk 0:18:19]} Bd7 {[%clk 0:51:19]} 21. Ne5
{[%clk 0:17:50]} Bxe5 {[%clk 0:50:46]} 22. dxe5 {[%clk 0:18:14]} Qf7
{[%clk 0:49:32]} 23. Re3 {[%clk 0:18:21]} Re7 {[%clk 0:48:57]} 24. Rf3
{[%clk 0:17:28]} Qe8 {[%clk 0:49:13]} 25. Rg3 {[%clk 0:17:46]} Nf4
{[%clk 0:45:37]} 26. Qg4 {[%clk 0:17:32]} Rc8 {[%clk 0:45:59]} 27. Bxf4
{[%clk 0:14:33]} Rxc2 {[%clk 0:46:12]} 28. Bxh6 {[%clk 0:14:33]} Qf7
{[%clk 0:43:53]} 29. Rf3 {[%clk 0:12:20]} Qg8 {[%clk 0:43:48]} 30. Bg5
{[%clk 0:08:40]} Rf7 {[%clk 0:43:43]} 31. Qh5+ {[%clk 0:08:56]} Nh7
{[%clk 0:43:54]} 32. Qxf7 {[%clk 0:08:42]} Nxg5 {[%clk 0:43:52]} 33. Qxd7
{[%clk 0:06:55]} Nxf3+ {[%clk 0:44:11]} 34. gxf3 {[%clk 0:07:21]} Qf8
{[%clk 0:44:36]} 35. Kg2 {[%clk 0:07:04]} Qc5 {[%clk 0:45:00]} 36. Qd8+
{[%clk 0:06:40]} Kh7 {[%clk 0:45:29]} 37. Qh4+ {[%clk 0:07:03]} Kg8
{[%clk 0:45:59]} 38. Rd1 {[%clk 0:06:17]} Rxb2 {[%clk 0:46:02]} 39. Rd4
{[%clk 0:06:18]} Rxa2 {[%clk 0:46:06]} 40. Qd8+ {[%clk 0:05:29]} Qf8
{[%clk 0:46:22]} 41. Qd7 {[%clk 0:04:28]} Qf7 {[%clk 0:45:09]} 42. Qc8+
{[%clk 0:04:28]} Kh7 {[%clk 0:45:35]} 43. Rh4+ {[%clk 0:04:39]} Kg6
{[%clk 0:46:04]} 44. Qh8 {[%clk 0:04:35]} Kf5 {[%clk 0:46:27]} 45. Ng3+
{[%clk 0:04:15]} Kxe5 {[%clk 0:46:52]} 46. Qb8+ {[%clk 0:04:41]} 1-0